| 000 | 00633cab a2200205 4500 | ||
|---|---|---|---|
| 001 | WB2246-30 | ||
| 008 | 090401t1986 xxu||||| |||| 00| 0 eng d | ||
| 035 | _a(Sirsi) u34353 | ||
| 041 | _aeng | ||
| 245 | _aBarry , Wales | ||
| 260 | _c1986 | ||
| 350 | _a0 | ||
| 490 |
_aWestern Mail _v17/11/86 pp 7-12 (6) LOAN |
||
| 520 | _aA supplement covering planning and development,the docks,leisure and tourism, the chemical industry,and a brief section on commercial and industrial development . | ||
| 650 | _aDOCKLAND DEVELOPMENT | ||
| 650 | _aMARINAS | ||
| 690 | _aPLANNING LAW AND PRACTICE | ||
| 942 | _n0 | ||
| 948 | _c04/03/1997 | ||
| 999 |
_c22767 _d22767 |
||